Balázs Béla
Elmentve itt :
| Szerző: | |
|---|---|
| Dokumentumtípus: | Cikk |
| Megjelent: |
1946
|
| Sorozat: | Irodalom, tudomány : a Magyar-Szovjet Művelődési Társaság folyóirata
1 No. 4 |
| Kulcsszavak: | Balázs Béla, Grafika magyar 20. sz. |
| Online Access: | http://misc.bibl.u-szeged.hu/3632 |
| LEADER | 00597nab a2200169 i 4500 | ||
|---|---|---|---|
| 001 | misc3632 | ||
| 005 | 20191106141847.0 | ||
| 008 | 170607s1946 hu o 0|| hun d | ||
| 040 | |a SZTE Miscellanea Repozitórium |b hun | ||
| 041 | |a hun | ||
| 100 | 1 | |a Szabó Vladimir | |
| 245 | 1 | 0 | |a Balázs Béla |h [elektronikus dokumentum] / |c Szabó Vladimir |
| 260 | |c 1946 | ||
| 300 | |a 27 | ||
| 490 | 0 | |a Irodalom, tudomány : a Magyar-Szovjet Művelődési Társaság folyóirata |v 1 No. 4 | |
| 695 | |a Balázs Béla, Grafika magyar 20. sz. | ||
| 856 | 4 | 0 | |u http://misc.bibl.u-szeged.hu/3632/1/irtud_004_027.pdf |z Dokumentum-elérés |